| 000 | 00552nam a22001457a 4500 | ||
|---|---|---|---|
| 020 | _a0-679-89051-3 | ||
| 082 |
_a823 _bOSB/M |
||
| 100 | _aOSBORNE, MARY POPE | ||
| 245 | _aMAGIC TREE HOUSE | ||
| 246 | _aDAY OF THE DRAGON KING | ||
| 260 |
_aNERW YORK _bRANDOM HOUSE INC _c1998 |
||
| 300 | _a68 | ||
| 520 | _aJack and Annie set off to find an original copy of an ancient Chinese myth. Armed only with their magic library cards, they must take on a book-burning emperor. But with the help of a scholar and a silk weaver, they triumph again. | ||
| 942 | _cBK | ||
| 999 |
_c6317 _d6317 |
||